书目信息 |
| 题名: |
爱国主义教育丛书
|
|
| 作者: | 肖黎 主编 | |
| 分册: | 第十卷 | |
| 出版信息: | 北京 中国国际广播出版社 1996 |
|
| 页数: | 240页 | |
| 开本: | 19cm | |
| 丛书名: | ||
| 单 册: | ||
| 中图分类: | G414-51 | |
| 科图分类: | ||
| 主题词: | 爱国主义教育--中国--丛书 , 爱国主义教育 , 思想政治教育--学校教育 , 德育--学校教育 | |
| 电子资源: | ||
| ISBN: | 7-5078-1324-X | |
| 000 | 00697nam0 2200241 450 | |
| 001 | 1247213298 | |
| 005 | 20121004130731.73 | |
| 010 | @a7-5078-1324-X@dCNY190.00(全套20卷) | |
| 100 | @a19960824d1996 am y0chiy0110 ea | |
| 101 | 0 | @achi |
| 102 | @aCN@b110000 | |
| 105 | @ay z 000yd | |
| 200 | 1 | @a爱国主义教育丛书@Aai guo zhu yi jiao yu cong shu@h第十卷@f肖 黎主编 |
| 210 | @a北京@c中国国际广播出版社@d1996 | |
| 215 | @a240页@d19cm | |
| 606 | 0 | @a爱国主义教育@y中国@x丛书 |
| 606 | 0 | @a爱国主义教育 |
| 606 | 0 | @a思想政治教育--学校教育 |
| 606 | 0 | @a德育--学校教育 |
| 690 | @aG414-51@v4 | |
| 701 | 0 | @a肖黎@Axiao li@4主编 |
| 801 | 0 | @aCN@bNLC@c20101222 |
| 905 | @a10447@dG414-51@eJY215:10 | |
| 爱国主义教育丛书.第十卷/肖 黎主编.-北京:中国国际广播出版社,1996 |
| 240页;19cm |
| ISBN 7-5078-1324-X:CNY190.00(全套20卷) |
| ● |
| 相关链接 |
|
|
|
|
正题名:爱国主义教育丛书
索取号:G414-51/JY215:10
 
预约/预借
| 序号 | 登录号 | 条形码 | 馆藏地/架位号 | 状态 | 备注 |
| 1 | 7805548 | 278055480 | 学院路分馆/ [索取号:G414-51/JY215:10] | 在馆 | |
| 2 | 7805549 | 278055499 | 学院路分馆/ [索取号:G414-51/JY215:10] | 在馆 |